[Event "25th European Teams"]
[Site "Batumi GEO"]
[Date "2025.10.08"]
[Round "4.4"]
[Board "4"]
[White "Gledura, Benjamin"]
[Black "Stalmach, Richard"]
[Result "1/2-1/2"]
[WhiteTitle "GM"]
[BlackTitle "IM"]
[WhiteElo "2643"]
[BlackElo "2410"]
[WhiteTeam "Hungary"]
[BlackTeam "Czech Republic"]
[WhiteFideId "712779"]
[BlackFideId "372048"]
[EventDate "2025.10.05"]

1. e4 c5 2. Nf3 Nc6 3. Bb5 e5 4. O-O Bd6 5. c3 a6 6. Ba4 b5 7. Bb3 c4 8. Bc2 Nf6
9. d4 cxd3 10. Qxd3 Be7 11. Rd1 O-O 12. Nbd2 Qc7 13. Qe2 d5 14. exd5 Nxd5 15.
Ne4 Nf4 16. Bxf4 exf4 17. Neg5 g6 18. Bb3 Kg7 19. Bd5 Bf6 20. a4 Rb8 21. axb5
axb5 22. Ne4 Be7 23. h3 Ne5 24. Re1 Rd8 25. Rad1 Nxf3+ 26. Qxf3 Rxd5 27. Rxd5
Bb7 28. Red1 Bxd5 29. Rxd5 b4 30. Qd3 bxc3 31. bxc3 Qb6 32. Kh2 f5 33. Re5 Rb7
34. Nd2 Qxf2 35. Re2 Qc5 36. Nf3 Bf6 37. Nd4 Bxd4 38. cxd4 Qc1 39. Rc2 Qe1 40.
Re2 Qc1 41. Rc2 Qe3 42. Qxe3 fxe3 43. Kg3 g5 44. Kf3 Re7 45. g3 Kf6 46. Re2 h6
47. Rxe3 Rxe3+ 48. Kxe3 Ke6 49. h4 Kd6 50. hxg5 hxg5 51. Ke2 Kc6 52. Kd2 Kd6 53.
Ke2 Kc6 54. Kd2 Kb6 55. Ke2 Kb5 56. Kd2 Kc4 57. Ke3 Kb5 58. Kd2 Kc4 1/2-1/2

[Event "25th European Teams"]
[Site "Batumi GEO"]
[Date "2025.10.08"]
[Round "4.5"]
[Board "1"]
[White "Gurel, Ediz"]
[Black "Vitiugov, Nikita"]
[Result "1/2-1/2"]
[WhiteTitle "GM"]
[BlackTitle "GM"]
[WhiteElo "2634"]
[BlackElo "2654"]
[WhiteTeam "Turkiye"]
[BlackTeam "England"]
[WhiteFideId "44507356"]
[BlackFideId "4152956"]
[EventDate "2025.10.05"]

1. e4 e5 2. Nf3 Nc6 3. Bc4 Nf6 4. d3 Bc5 5. O-O O-O 6. c3 d5 7. exd5 Nxd5 8.
Nbd2 Nb6 9. Bb5 Bd6 10. Re1 Bg4 11. h3 Bh5 12. Ne4 f5 13. Ng3 Bxf3 14. Qxf3 Qd7
15. Nf1 a6 16. Bxc6 bxc6 17. Bd2 Rae8 18. Rad1 Nd5 19. c4 Ne7 20. c5 Bxc5 21.
Rxe5 Bd4 22. Re2 Ng6 23. Rxe8 Rxe8 24. Bc3 Bxc3 25. bxc3 f4 26. d4 Qd5 27. Nd2
Rb8 28. Qxd5+ cxd5 29. Nb3 Kf7 30. g3 Nf8 31. Re1 Ne6 32. Re5 fxg3 33. fxg3 c6
34. h4 1/2-1/2

[Event "25th European Teams"]
[Site "Batumi GEO"]
[Date "2025.10.08"]
[Round "4.5"]
[Board "2"]
[White "Adams, Michael"]
[Black "Yilmaz, Mustafa"]
[Result "1/2-1/2"]
[WhiteTitle "GM"]
[BlackTitle "GM"]
[WhiteElo "2646"]
[BlackElo "2591"]
[WhiteTeam "England"]
[BlackTeam "Turkiye"]
[WhiteFideId "400041"]
[BlackFideId "6302718"]
[EventDate "2025.10.05"]

1. e4 e5 2. Nf3 Nc6 3. Bb5 a6 4. Ba4 Nf6 5. O-O Be7 6. d3 b5 7. Bb3 d6 8. c3 O-O
9. a4 Bd7 10. Bc2 Re8 11. Re1 h6 12. Nbd2 Bf8 13. h3 Rb8 14. axb5 axb5 15. Nf1
b4 16. Ng3 bxc3 17. bxc3 d5 18. Be3 Ra8 19. Bb3 Rxa1 20. Qxa1 dxe4 21. Nxe4 Nxe4
22. dxe4 Be6 23. Ba4 Qa8 24. Bb5 Bd7 25. c4 Qc8 26. Rd1 Nb8 27. Nxe5 Bxb5 28.
cxb5 Qe6 29. Bf4 g5 30. Ng4 Bg7 31. Be5 Bxe5 32. Nxe5 Qxe5 33. Qxe5 Rxe5 34.
Rd8+ Kg7 35. Rxb8 Rxe4 36. Rb7 1/2-1/2

[Event "25th European Teams"]
[Site "Batumi GEO"]
[Date "2025.10.08"]
[Round "4.5"]
[Board "3"]
[White "Can, Emre"]
[Black "McShane, Luke J"]
[Result "0-1"]
[WhiteTitle "GM"]
[BlackTitle "GM"]
[WhiteElo "2552"]
[BlackElo "2614"]
[WhiteTeam "Turkiye"]
[BlackTeam "England"]
[WhiteFideId "6302181"]
[BlackFideId "404853"]
[EventDate "2025.10.05"]

1. e4 e5 2. Nf3 Nc6 3. Bc4 Nf6 4. Ng5 d5 5. exd5 Na5 6. Bb5+ Bd7 7. Qe2 Be7 8.
Nf3 Nxd5 9. Bxd7+ Qxd7 10. Nxe5 Qf5 11. d3 O-O 12. Qe4 Qxe4+ 13. dxe4 Nb4 14.
Na3 Rfe8 15. Nd3 f5 16. Bd2 Nac6 17. Nf4 Bd6 18. O-O Rxe4 19. Nh5 Rd8 20. Bg5
Be7 21. Bxe7 Rxe7 22. Rfd1 Red7 23. Rxd7 Rxd7 24. Ng3 g6 25. c3 Nd3 26. Rd1 Nce5
27. b3 Rd5 28. Nb1 Ng4 29. Nh1 Kf7 30. c4 Rd7 31. Nc3 c6 32. h3 Nge5 33. Ng3 Kf6
34. Nge2 g5 35. Kf1 h6 36. Rd2 a6 37. Rd1 b5 38. cxb5 cxb5 39. g3 f4 40. Ne4+
Kf5 41. N2c3 h5 42. a3 f3 43. Nd2 Nb2 0-1

[Event "25th European Teams"]
[Site "Batumi GEO"]
[Date "2025.10.08"]
[Round "4.5"]
[Board "4"]
[White "Royal, Shreyas"]
[Black "Sanal, Vahap"]
[Result "1/2-1/2"]
[WhiteTitle "GM"]
[BlackTitle "GM"]
[WhiteElo "2501"]
[BlackElo "2538"]
[WhiteTeam "England"]
[BlackTeam "Turkiye"]
[WhiteFideId "448869"]
[BlackFideId "6300545"]
[EventDate "2025.10.05"]

1. e4 c5 2. Nf3 Nc6 3. d4 cxd4 4. Nxd4 Qb6 5. Nb3 e6 6. Be3 Qc7 7. Bd3 Nf6 8.
O-O d5 9. Nc3 dxe4 10. Nxe4 Nd5 11. Bd2 b6 12. c4 Nf4 13. Bxf4 Qxf4 14. c5 Bb7
15. Re1 Be7 16. cxb6 axb6 17. Bb5 Rc8 18. Qd4 O-O 19. Qxb6 Ba8 20. Qe3 Qxe3 21.
Rxe3 Nb4 22. Re2 Rfd8 23. f3 h5 24. Kf2 Bd5 25. Nc3 Bxb3 26. axb3 Bf6 27. Ra4
Bxc3 28. bxc3 Nd5 29. Rc4 Nxc3 30. Rc2 Rb8 31. R4xc3 Rxb5 32. Ke2 Rd6 33. Rb2 g5
34. Rd3 Rdb6 35. Kd2 Kg7 36. Kc2 e5 37. Rc3 g4 38. Kd3 Kg6 39. Ke3 Rb4 40. Kf2
f6 41. fxg4 hxg4 42. h3 gxh3 43. Rxh3 R6b5 44. Rc3 Kg5 45. Rg3+ Kf5 46. Rf3+ Kg6
47. Rg3+ Kf7 48. Rf3 Rb6 49. Rc3 Ke6 50. Rh3 Rb7 51. Rc3 R7b5 52. Rc6+ Kf7 53.
Rc3 Rb6 54. Re3 Rb8 55. Rc3 R8b5 56. Rc7+ Kg6 57. Rc3 f5 58. g3 Kg5 59. Rb1 e4
60. Kg2 Rd4 61. Rc8 Rd2+ 62. Kh3 Rb7 63. Rg8+ Kf6 64. Rf8+ Ke5 65. Re8+ Kd4 66.
Rd8+ Ke3 67. Rxd2 Kxd2 68. Kg2 Re7 69. Rb2+ Kd3 70. b4 e3 71. Kf1 Rc7 72. Rb1
Ke4 73. b5 Kf3 74. b6 Rh7 75. Kg1 Rg7 76. b7 Rxg3+ 77. Kh2 Rg8 78. b8=Q Rxb8 79.
Rxb8 e2 80. Re8 Kf2 81. Rf8 e1=Q 82. Rxf5+ Ke2 83. Re5+ Kd2 84. Rxe1 Kxe1 1/2-1/2

[Event "25th European Teams"]
[Site "Batumi GEO"]
[Date "2025.10.08"]
[Round "4.6"]
[Board "1"]
[White "Sargsyan, Shant"]
[Black "Deac, Bogdan-Daniel"]
[Result "1/2-1/2"]
[WhiteTitle "GM"]
[BlackTitle "GM"]
[WhiteElo "2667"]
[BlackElo "2655"]
[WhiteTeam "Armenia"]
[BlackTeam "Romania"]
[WhiteFideId "13306766"]
[BlackFideId "1226380"]
[EventDate "2025.10.05"]

1. e4 e5 2. Nf3 Nc6 3. Bc4 Nf6 4. d3 Bc5 5. O-O d6 6. c3 a5 7. Re1 Ba7 8. Na3
O-O 9. h3 Ne7 10. d4 Ng6 11. Bf1 Re8 12. Nb5 Bb8 13. c4 exd4 14. Qxd4 c6 15. Nc3
Ne5 16. Nxe5 dxe5 17. Qxd8 Rxd8 18. Na4 Bc7 19. Be3 Kf8 20. f3 Ke8 21. c5 Be6
22. Kf2 Nd7 23. b3 f6 24. h4 h5 25. g3 Nf8 26. Rad1 Bf7 27. Rxd8+ Rxd8 28. Rb1
Ne6 29. Bc4 Ke7 30. a3 g6 1/2-1/2

[Event "25th European Teams"]
[Site "Batumi GEO"]
[Date "2025.10.08"]
[Round "4.6"]
[Board "2"]
[White "Lupulescu, Constantin"]
[Black "Hovhannisyan, Robert"]
[Result "1/2-1/2"]
[WhiteTitle "GM"]
[BlackTitle "GM"]
[WhiteElo "2577"]
[BlackElo "2633"]
[WhiteTeam "Romania"]
[BlackTeam "Armenia"]
[WhiteFideId "1207822"]
[BlackFideId "13302507"]
[EventDate "2025.10.05"]

1. Nf3 d5 2. e3 Nf6 3. c4 e6 4. Nc3 Be7 5. b3 O-O 6. Bb2 c5 7. cxd5 exd5 8. d4
Nc6 9. Be2 Ne4 10. dxc5 Bf6 11. Nd4 Qa5 12. Rc1 Nxc5 13. Nxc6 bxc6 14. O-O Ne4
15. Qc2 Nxc3 16. Bxc3 Bxc3 17. Qxc3 Qxa2 18. Rc2 Qa3 19. Ra1 Qe7 20. Qxc6 Be6
21. Qc5 Qxc5 22. Rxc5 d4 23. exd4 Rad8 24. b4 Rxd4 25. b5 Rd7 26. Rc3 g6 27. h3
Re8 28. b6 Ree7 29. Bb5 Rb7 30. bxa7 Rxa7 31. Raa3 Rac7 1/2-1/2

[Event "25th European Teams"]
[Site "Batumi GEO"]
[Date "2025.10.08"]
[Round "4.6"]
[Board "3"]
[White "Martirosyan, Haik M."]
[Black "Gavrilescu, David"]
[Result "1-0"]
[WhiteTitle "GM"]
[BlackTitle "GM"]
[WhiteElo "2626"]
[BlackElo "2535"]
[WhiteTeam "Armenia"]
[BlackTeam "Romania"]
[WhiteFideId "13306553"]
[BlackFideId "1227190"]
[EventDate "2025.10.05"]

1. d4 d5 2. c4 e6 3. Nf3 Nf6 4. Nc3 Bb4 5. Qa4+ Nc6 6. e3 O-O 7. Qc2 dxc4 8.
Bxc4 Bd6 9. O-O e5 10. h3 a6 11. a3 h6 12. Bd2 exd4 13. exd4 Ne7 14. Rad1 Bf5
15. Qc1 c6 16. Rfe1 Ned5 17. Ne5 Rc8 18. Bxh6 gxh6 19. Qxh6 Nh7 20. Nxd5 cxd5
21. Bxd5 Rc7 22. Re3 Kh8 23. Rde1 Bxe5 24. Rxe5 Bg6 25. h4 f6 26. R5e3 Qxd5 27.
Qxg6 Rg8 28. Qe4 Rd7 29. Qxd5 Rxd5 30. Re7 b5 31. R1e6 Rxd4 32. Rxa6 Rxh4 33.
Rb6 Rh5 34. Reb7 Rc8 35. g3 Rcc5 36. Kg2 Kg8 37. Rb8+ Kg7 38. R6b7+ Kg6 39. Rg8+
Kh6 40. Rh8 Kg6 41. g4 Rh4 42. Rg8+ Kh6 43. f4 Rc2+ 44. Kg3 Rhh2 45. Rh8 Rhg2+
46. Kf3 Rgf2+ 47. Ke4 Rfe2+ 48. Kd5 Red2+ 49. Ke6 Re2+ 50. Kf7 Rf2 51. b4 Rxf4
52. Ke6 Re4+ 53. Kf5 Re5+ 54. Kf4 Rc4+ 55. Kg3 Re3+ 56. Kh4 Kg6 57. Rhxh7 f5 58.
Rhg7+ Kh6 59. Rg5 Rxg4+ 60. Rxg4 fxg4 61. Kxg4 Kg6 62. Kf4 Rxa3 63. Ke5 Rd3 64.
Rxb5 Kf7 65. Rd5 Rb3 66. b5 Ke7 67. Kd4 Ke6 68. Kc4 Rh3 69. Rd1 Rh7 70. b6 Rd7
71. Rxd7 Kxd7 72. Kb5 Kc8 73. Ka6 1-0

[Event "25th European Teams"]
[Site "Batumi GEO"]
[Date "2025.10.08"]
[Round "4.6"]
[Board "4"]
[White "Magold, Filip"]
[Black "Hakobyan, Aram"]
[Result "1-0"]
[WhiteTitle "IM"]
[BlackTitle "GM"]
[WhiteElo "2459"]
[BlackElo "2624"]
[WhiteTeam "Romania"]
[BlackTeam "Armenia"]
[WhiteFideId "1254456"]
[BlackFideId "13306677"]
[EventDate "2025.10.05"]

1. d4 e6 2. e4 d5 3. Nd2 c5 4. exd5 Qxd5 5. Ngf3 cxd4 6. Bc4 Qd6 7. O-O Nf6 8.
Re1 Nc6 9. Ne4 Qb4 10. b3 Qa5 11. Bf4 Bb4 12. Nd6+ Ke7 13. Nb5 Bxe1 14. Bd6+ Ke8
15. Nxe1 a6 16. b4 Qd8 17. Nc7+ Kd7 18. Bg3 Rb8 19. b5 axb5 20. Nxb5 Qb6 21. Nd3
Ra8 22. Bc7 Qxc7 23. Nxc7 Kxc7 24. Qf3 Kd8 25. Bb5 Ne7 26. Ne5 Rf8 27. a4 Kc7
28. Qg3 Nf5 29. Qa3 Rd8 30. Qc5+ Kb8 31. Nc6+ bxc6 32. Qb6+ Bb7 33. Bxc6 Rd7 34.
Bxd7 Nd5 35. Qc5 Ra6 36. Rb1 Nfe7 37. Qxd4 Ka8 38. c4 Rd6 39. cxd5 Rxd7 40. Qxg7
Nxd5 41. a5 Nf4 42. a6 1-0

[Event "25th European Teams"]
[Site "Batumi GEO"]
[Date "2025.10.08"]
[Round "4.7"]
[Board "1"]
[White "Moroni, Luca Jr"]
[Black "Shirov, Alexei"]
[Result "1/2-1/2"]
[WhiteTitle "GM"]
[BlackTitle "GM"]
[WhiteElo "2544"]
[BlackElo "2636"]
[WhiteTeam "Italy"]
[BlackTeam "Spain"]
[WhiteFideId "865834"]
[BlackFideId "2209390"]
[EventDate "2025.10.05"]

1. c4 e6 2. Nc3 d5 3. d4 c5 4. cxd5 exd5 5. Nf3 Nc6 6. g3 Nf6 7. Bg2 cxd4 8.
Nxd4 Bc5 9. Nxc6 bxc6 10. O-O O-O 11. Na4 Bb6 12. Qc2 Re8 13. Nxb6 Qxb6 14. b3
a5 15. Bb2 a4 16. Bxf6 gxf6 17. bxa4 Qa6 18. e4 Qc4 19. Qb2 dxe4 20. Qxf6 Qe6
21. Qd4 Ba6 22. Rfc1 Rad8 23. Qc5 Qf6 24. Qe3 Rd3 25. Qf4 Qxf4 26. gxf4 Ra3 27.
Rxc6 Rxa4 28. Rc3 Kg7 29. a3 Bd3 30. Re1 Rea8 31. f3 f5 32. Rc7+ Kh8 33. fxe4
fxe4 34. Re7 Rxa3 35. Bxe4 Rg8+ 36. Kh1 Bxe4+ 37. R7xe4 Rf3 1/2-1/2

[Event "25th European Teams"]
[Site "Batumi GEO"]
[Date "2025.10.08"]
[Round "4.7"]
[Board "2"]
[White "Chigaev, Maksim"]
[Black "Vocaturo, Daniele"]
[Result "1/2-1/2"]
[WhiteTitle "GM"]
[BlackTitle "GM"]
[WhiteElo "2634"]
[BlackElo "2563"]
[WhiteTeam "Spain"]
[BlackTeam "Italy"]
[WhiteFideId "4108116"]
[BlackFideId "813192"]
[EventDate "2025.10.05"]

1. e4 e5 2. Nf3 Nf6 3. Nxe5 d6 4. Nf3 Nxe4 5. Nc3 Nxc3 6. dxc3 Be7 7. Be3 Nc6 8.
Qd2 Bf5 9. O-O-O O-O 10. Bc4 Qd7 11. Kb1 Rfe8 12. h4 Bf8 13. Bd5 Be6 14. Bxe6
Qxe6 15. Ng5 Qf5 16. f3 Ne5 17. g4 Qd7 18. Bd4 h6 19. Bxe5 Rxe5 20. f4 Ra5 21.
c4 Qa4 22. a3 d5 23. Qd3 g6 24. Nxf7 Kxf7 25. h5 Kg8 26. g5 Qxc4 27. Qh3 Ra6 28.
gxh6 Rc6 29. hxg6 Qxc2+ 30. Ka1 Rxg6 31. Rdg1 Kh8 32. Rxg6 Qxg6 33. Qc3+ Kh7 34.
Qxc7+ Kh8 35. Qe5+ Kh7 36. Qc7+ Kh8 37. Qe5+ Kh7 38. Qc7+ 1/2-1/2

[Event "25th European Teams"]
[Site "Batumi GEO"]
[Date "2025.10.08"]
[Round "4.7"]
[Board "3"]
[White "Lodici, Lorenzo"]
[Black "Anton Guijarro, David"]
[Result "0-1"]
[WhiteTitle "GM"]
[BlackTitle "GM"]
[WhiteElo "2560"]
[BlackElo "2631"]
[WhiteTeam "Italy"]
[BlackTeam "Spain"]
[WhiteFideId "884189"]
[BlackFideId "2285525"]
[EventDate "2025.10.05"]

1. e4 c6 2. Nf3 d5 3. Nc3 dxe4 4. Nxe4 Nf6 5. Qe2 Nxe4 6. Qxe4 Qa5 7. Bc4 Bf5 8.
Qf4 e6 9. c3 Qd8 10. d4 Bd6 11. Qg5 Qxg5 12. Bxg5 Nd7 13. Be2 f6 14. Bh4 h5 15.
Bg3 Be7 16. h4 Bg4 17. O-O-O b5 18. Rhe1 Nb6 19. Nd2 Bf5 20. Nb3 Nd5 21. Bf3 a5
22. Nc5 Kf7 23. Rd2 Ra7 24. Ne4 Rd7 25. Bd1 g6 26. f3 Bf8 27. Rd3 b4 28. Bb3
bxc3 29. bxc3 Ba3+ 30. Kd2 Rhd8 31. Ba4 Rb7 32. Ke2 Rb2+ 33. Kf1 Rxa2 34. Bxc6
Be7 35. Re2 Rxe2 36. Kxe2 Rc8 37. Bd7 Ra8 38. Ba4 Nb6 39. Bc6 Rc8 40. d5 exd5
41. Bxd5+ Nxd5 42. Rxd5 Bxe4 43. fxe4 Rxc3 44. Be1 Rc2+ 45. Kd3 Rxg2 46. Rxa5
Rg1 47. Bf2 Rd1+ 48. Ke2 Rd6 49. Be3 Rc6 50. Rb5 Ra6 51. Bf4 Ke6 52. Kf3 Rc6 53.
Ra5 Bc5 54. Ra4 Rb6 55. Rc4 Be7 56. Be3 Rb3 57. Kf2 Bd6 58. Rc6 Kd7 59. Ra6 Ra3
60. Rxa3 Bxa3 61. Bd2 Bc5+ 62. Kf3 Bd4 63. Ke2 Kd6 64. Kf3 Kc5 65. Ke2 Kc4 66.
Bh6 Bc3 67. Bg7 Kc5 68. Kd3 Be5 69. Ke3 Kd6 70. Kf2 Bc3 71. Bh6 Ke5 72. Kg3 Kxe4 0-1

[Event "25th European Teams"]
[Site "Batumi GEO"]
[Date "2025.10.08"]
[Round "4.7"]
[Board "4"]
[White "Santos Latasa, Jaime"]
[Black "Sonis, Francesco"]
[Result "1/2-1/2"]
[WhiteTitle "GM"]
[BlackTitle "GM"]
[WhiteElo "2609"]
[BlackElo "2561"]
[WhiteTeam "Spain"]
[BlackTeam "Italy"]
[WhiteFideId "2293307"]
[BlackFideId "895733"]
[EventDate "2025.10.05"]

1. e4 e5 2. Nf3 Nc6 3. Bb5 a6 4. Ba4 Nf6 5. O-O Nxe4 6. d4 b5 7. Bb3 d5 8. dxe5
Be6 9. c3 Be7 10. Be3 O-O 11. Nbd2 Nxd2 12. Qxd2 Na5 13. Nd4 Bc8 14. Rad1 c5 15.
Ne2 Nxb3 16. axb3 Qc7 17. Nf4 Bb7 18. Nxd5 Qxe5 19. Nxe7+ Qxe7 20. Rfe1 Rfd8 21.
Qe2 Rxd1 22. Rxd1 h6 23. Qg4 Qe4 24. Qxe4 Bxe4 25. Bxc5 Bc2 26. Rd2 Bxb3 27. Bb6
Bc4 28. f3 a5 29. Rd8+ Rxd8 30. Bxd8 a4 31. Kf2 1/2-1/2

[Event "25th European Teams"]
[Site "Batumi GEO"]
[Date "2025.10.08"]
[Round "4.8"]
[Board "1"]
[White "Maurizzi, MarcAndria"]
[Black "Grandelius, Nils"]
[Result "1/2-1/2"]
[WhiteTitle "GM"]
[BlackTitle "GM"]
[WhiteElo "2624"]
[BlackElo "2645"]
[WhiteTeam "France"]
[BlackTeam "Sweden"]
[WhiteFideId "36083534"]
[BlackFideId "1710400"]
[EventDate "2025.10.05"]

1. e4 e5 2. Nf3 Nc6 3. d4 exd4 4. Nxd4 Bc5 5. Nb3 Bb4+ 6. c3 Be7 7. f4 d6 8. Bd3
Nh6 9. O-O O-O 10. N1d2 d5 11. Qc2 dxe4 12. Nxe4 Bf5 13. Be3 Ng4 14. Rae1 a5 15.
Bc5 a4 16. Bxe7 axb3 17. Bxd8 bxc2 18. Bxc7 Rxa2 19. h3 Bxe4 20. Bxe4 Nf6 21.
Bxc2 Rxb2 22. Rf2 g6 23. Rd1 Ne8 24. Bd8 Nxd8 25. Rxd8 Nf6 26. Rd6 Kg7 27. Bd3
Rxf2 28. Kxf2 Rc8 29. c4 Rxc4 30. Rxf6 Rd4 31. Rb6 Rxd3 32. Rxb7 1/2-1/2

[Event "25th European Teams"]
[Site "Batumi GEO"]
[Date "2025.10.08"]
[Round "4.8"]
[Board "2"]
[White "Seo, Jung Min"]
[Black "Laurent-Paoli, Pierre"]
[Result "1/2-1/2"]
[WhiteTitle "IM"]
[BlackTitle "GM"]
[WhiteElo "2483"]
[BlackElo "2570"]
[WhiteTeam "Sweden"]
[BlackTeam "France"]
[WhiteFideId "1734687"]
[BlackFideId "26017962"]
[EventDate "2025.10.05"]

1. d4 Nf6 2. c4 e6 3. Nf3 d5 4. Nc3 Bb4 5. a3 Bxc3+ 6. bxc3 c5 7. e3 O-O 8. cxd5
exd5 9. c4 Ne4 10. dxc5 dxc4 11. Qxd8 Rxd8 12. Bxc4 Nc6 13. Bb2 Nxc5 14. Ne5
Nxe5 15. Bxe5 Be6 16. Bxe6 fxe6 17. Ke2 Rd5 18. Bd4 Nb3 19. Rab1 Nxd4+ 20. exd4
b6 21. Rhc1 Rad8 22. Rb4 R8d7 23. Rcc4 Kf7 24. f4 Kf6 25. Ke3 h5 26. g3 Kf5 27.
h3 Kf6 28. g4 hxg4 29. hxg4 g5 30. a4 Kg6 31. fxg5 Rxg5 32. Rc6 Kf6 33. Kf3 Rd8
34. Rc7 a5 35. Rxb6 Rxd4 36. Rcc6 Re5 37. g5+ Kf5 38. Rb5 Rf4+ 39. Kg3 Rg4+ 40.
Kf3 Rf4+ 41. Kg3 Rxa4 42. Rxe5+ Kxe5 43. Rc5+ Kd6 44. g6 Ra3+ 45. Kg2 Ra2+ 46.
Kg1 Rb2 47. Rxa5 Rb7 48. Kf2 Rg7 49. Rg5 Ke7 50. Kf3 Kf6 51. Ra5 Rxg6 52. Kf4
Rg1 53. Rb5 e5+ 54. Kf3 Kf5 55. Rb4 Ra1 56. Ke2 Ra3 57. Rc4 Ke6 58. Rh4 Kd5 59.
Rg4 Rh3 60. Ra4 e4 61. Ra8 Kd4 1/2-1/2

[Event "25th European Teams"]
[Site "Batumi GEO"]
[Date "2025.10.08"]
[Round "4.8"]
[Board "3"]
[White "Lagarde, Maxime"]
[Black "Blomqvist, Erik"]
[Result "1-0"]
[WhiteTitle "GM"]
[BlackTitle "GM"]
[WhiteElo "2617"]
[BlackElo "2478"]
[WhiteTeam "France"]
[BlackTeam "Sweden"]
[WhiteFideId "662399"]
[BlackFideId "1709437"]
[EventDate "2025.10.05"]

1. c4 e5 2. d3 Bb4+ 3. Nd2 d5 4. cxd5 Qxd5 5. a3 Be7 6. Ngf3 c5 7. e3 Nc6 8. Be2
Nf6 9. O-O h6 10. b3 O-O 11. Bb2 Rd8 12. Qc2 b6 13. Rad1 Bb7 14. Nc4 Nd7 15. Qb1
Rac8 16. Rfe1 b5 17. Ncd2 a6 18. Rc1 Bf8 19. Bd1 Nb6 20. Bc2 Re8 21. Ne4 Rcd8
22. h3 Na5 23. Bc3 b4 24. axb4 cxb4 25. Ba1 Nd7 26. Ned2 Qe6 27. Qa2 Nc6 28. Bb1
Na7 29. Rc7 Qb6 30. Rxd7 Rxd7 31. Nxe5 Rc7 32. Ndc4 Qe6 33. d4 Nb5 34. Qc2 g6
35. e4 Bg7 36. f4 Qe7 37. Qf2 Nc3 38. Bd3 Rd8 39. Bb2 Bf8 40. Bc1 f6 41. Nxg6
Qg7 42. Nxf8 Rxf8 43. f5 a5 44. Bf4 Re7 45. d5 Rfe8 46. Nd6 Ra8 47. Nxb7 Rxb7
48. e5 Rd7 49. d6 fxe5 50. Bxe5 Qg5 51. Bf4 Qg7 52. Re6 1-0

[Event "25th European Teams"]
[Site "Batumi GEO"]
[Date "2025.10.08"]
[Round "4.8"]
[Board "4"]
[White "Trost, Edvin"]
[Black "Boyer, Mahel"]
[Result "1/2-1/2"]
[WhiteTitle "IM"]
[BlackTitle "GM"]
[WhiteElo "2457"]
[BlackElo "2532"]
[WhiteTeam "Sweden"]
[BlackTeam "France"]
[WhiteFideId "1729519"]
[BlackFideId "45102422"]
[EventDate "2025.10.05"]

1. e4 d6 2. d4 Nf6 3. Nc3 g6 4. Be2 Bg7 5. h4 h5 6. Nf3 O-O 7. Ng5 Nc6 8. Be3
Ng4 9. Qd2 e5 10. d5 Nxe3 11. fxe3 Nb8 12. O-O-O Bh6 13. g4 hxg4 14. Rdg1 Bxg5
15. hxg5 Qxg5 16. Bxg4 Bxg4 17. Qh2 Kg7 18. Rxg4 Qxe3+ 19. Kb1 Nd7 20. Nd1 Qf3
21. Qh6+ Kf6 22. Qh4+ Kg7 23. Qh6+ Kf6 24. Qg5+ Kg7 25. Qh6+ Kf6 26. Qg5+ 1/2-1/2

[Event "25th European Teams"]
[Site "Batumi GEO"]
[Date "2025.10.08"]
[Round "4.9"]
[Board "1"]
[White "Naiditsch, Arkadij"]
[Black "Fedoseev, Vladimir3"]
[Result "0-1"]
[WhiteTitle "GM"]
[BlackTitle "GM"]
[WhiteElo "2587"]
[BlackElo "2720"]
[WhiteTeam "Bulgaria"]
[BlackTeam "Slovenia"]
[WhiteFideId "4650891"]
[BlackFideId "24130737"]
[EventDate "2025.10.05"]

1. e4 e5 2. Nf3 Nf6 3. Nc3 Nc6 4. Bb5 Bd6 5. d3 O-O 6. Bg5 Be7 7. O-O h6 8. Be3
d6 9. h3 Bd7 10. a4 a6 11. Bc4 Be6 12. Bxe6 fxe6 13. Ne2 d5 14. Ng3 Qe8 15. c3
Rd8 16. Qb3 b6 17. d4 Qg6 18. Nxe5 Nxe5 19. dxe5 Nxe4 20. Qc2 Kh7 21. Nxe4 dxe4
22. a5 b5 23. c4 b4 24. Rae1 Rd3 25. Qe2 Rf5 26. Qg4 Qxg4 27. hxg4 Rxe5 28. Bf4
Rxa5 29. Rxe4 Ra2 30. Bxc7 Rxb2 31. Rxe6 Bf6 32. Rxa6 b3 33. Bf4 Rc2 34. Rb6 b2
35. g3 Ra3 36. c5 Ra1 0-1

[Event "25th European Teams"]
[Site "Batumi GEO"]
[Date "2025.10.08"]
[Round "4.9"]
[Board "2"]
[White "Demchenko, Anton"]
[Black "Petrov, Martin"]
[Result "1/2-1/2"]
[WhiteTitle "GM"]
[BlackTitle "GM"]
[WhiteElo "2628"]
[BlackElo "2540"]
[WhiteTeam "Slovenia"]
[BlackTeam "Bulgaria"]
[WhiteFideId "4160258"]
[BlackFideId "2911086"]
[EventDate "2025.10.05"]

1. e4 c5 2. Nf3 d6 3. d4 cxd4 4. Nxd4 Nf6 5. Nc3 a6 6. a4 Nc6 7. Nxc6 bxc6 8. a5
e6 9. Bd3 Be7 10. O-O O-O 11. Re1 Bb7 12. Bd2 c5 13. b3 Re8 14. Na4 Nd7 15. Bc3
Bf6 16. Bxf6 Qxf6 17. Qd2 Ne5 18. Bf1 Rad8 19. Nb6 d5 20. exd5 exd5 21. f4 Ng4
22. Na4 Qd6 23. Rxe8+ Rxe8 24. Re1 Rxe1 25. Qxe1 Kf8 26. h3 Nf6 27. Qe5 Qxe5 28.
fxe5 Nd7 29. Be2 c4 30. bxc4 dxc4 31. Bxc4 Nxe5 32. Be2 Nc6 33. Nc5 Nxa5 34.
Nxb7 Nxb7 35. Bxa6 Nc5 36. Bc8 Ke7 37. Kf2 Kd6 38. Bf5 1/2-1/2

[Event "25th European Teams"]
[Site "Batumi GEO"]
[Date "2025.10.08"]
[Round "4.9"]
[Board "3"]
[White "Petkov, Momchil"]
[Black "Subelj, Jan"]
[Result "1/2-1/2"]
[WhiteTitle "GM"]
[BlackTitle "GM"]
[WhiteElo "2509"]
[BlackElo "2545"]
[WhiteTeam "Bulgaria"]
[BlackTeam "Slovenia"]
[WhiteFideId "2921642"]
[BlackFideId "14618583"]
[EventDate "2025.10.05"]

1. e4 e6 2. d4 d5 3. Nc3 Nf6 4. e5 Nfd7 5. f4 c5 6. Nf3 Nc6 7. Be3 a6 8. Ne2 Qb6
9. Rb1 Be7 10. c3 f6 11. Bf2 O-O 12. g3 cxd4 13. cxd4 fxe5 14. dxe5 Bc5 15. Bxc5
Nxc5 16. Bh3 Ne4 17. Ned4 Qa5+ 18. Ke2 Qxa2 19. Qc2 Nb4 20. Qb3 Qxb3 21. Nxb3
Bd7 22. Nfd4 Kf7 23. Rbc1 Rac8 24. Bg2 b6 25. Bxe4 dxe4 26. Nd2 Nc6 27. Ke3 Ke7
28. Nc4 Nxd4 29. Kxd4 b5 30. Nd6 Rxc1 31. Rxc1 a5 32. Rc7 Ra8 33. Nxe4 Kd8 34.
Rb7 a4 35. Nc5 Bc8 36. Rxb5 Kc7 37. Ne4 a3 38. bxa3 Ra4+ 39. Rb4 Rxa3 40. Nd6
Bd7 41. Rb7+ Kc6 42. Rb8 Ra2 43. h4 Ra4+ 44. Ke3 Ra3+ 45. Kf2 h5 46. Rb2 Rd3 47.
Rc2+ Kd5 48. Nc4 Kd4 49. Nb2 Rb3 50. Rd2+ Ke4 51. Nc4 Rf3+ 52. Kg2 Rc3 53. Rxd7
Rxc4 54. Rxg7 Rc2+ 55. Kh3 Kf3 56. Ra7 Rc1 57. Ra3+ Ke4 58. Rb3 Ra1 59. g4 Kxf4
60. gxh5 Kxe5 61. Rf3 Rh1+ 62. Kg3 Rg1+ 63. Kh3 Rh1+ 64. Kg3 Rg1+ 65. Kh2 Rg7
66. Rf8 Rh7 67. Kg3 Rxh5 68. Kg4 Rf5 1/2-1/2